Statistics for Weird Knowledge#2

Click here to take the quiz!

General Stats

  • This quiz has been taken 26 times
  • The average score is 3 of 10

Answer Stats

HintAnswer% Correct
What is the only letter that is not found in any US states name?Q
83%
What is the only animal that can not jump?Elephant
67%
Country with the most pyramids?Sudan
63%
There is enough _____ in Earth to coat the whole planet?Gold
21%
McDonald's once made ________ flavored broccoli?Bubblegum
8%
The German chocolate cake was invented where?Texas
8%
How many days does it take for a drop of water to travel the entire Mississippi River?90
4%
The tiny pockets on jeans was originally designed to hold what?Pocket watches
4%
Some octopus species lay how many eggs at a time? Hint: very big number. In thousands.56,000
0%
Theodore Roosevelt had a pet ______?Hyena
0%

Score Distribution

Percentile by Number Answered

Percent of People with Each Score

Your Score History

You have not taken this quiz